[Event "Junior Online 4NCL Division 4"]
[Site "online"]
[Date "2020.04.16"]
[Round "1.68"]
[White "Vitvitska, Vasylyna"]
[Black "Sagyaman, Vassily M"]
[Result "1-0"]
[WhiteElo "1187"]
[BlackElo "1232"]
[PlyCount "111"]
[EventDate "2020.04.16"]
[WhiteTeam "St Albans Early Knights 3"]
[BlackTeam "Warwickshire Bears D"]

1. e4 e5 2. f4 exf4 3. Nf3 Nf6 4. Nc3 Bb4 5. a3 Ba5 6. b4 Bb6 7. d4 O-O 8. Bxf4
d6 9. h3 Be6 10. Bb5 Nbd7 11. O-O Qe7 12. Qd2 c6 13. Bd3 Rac8 14. Rae1 c5 15.
dxc5 dxc5 16. bxc5 Bxc5+ 17. Kh1 Nh5 18. Ng5 Nxf4 19. Qxf4 h6 20. Nxe6 fxe6 21.
Qg4 Bxa3 22. Nb5 Bc5 23. Qg6 a6 24. e5 Rxf1+ 25. Rxf1 Bf2 26. Rxf2 Nf6 27. exf6
Kf8 28. fxe7+ Kxe7 29. Qf7+ Kd8 30. Nd6 Rc3 31. Nxb7+ Kc8 32. Nd6+ Kb8 33. Rd2
Rc7 34. Qe8+ Ka7 35. c4 Kb6 36. Rb2+ Kc5 37. Ne4+ Kd4 38. Qh5 Kxd3 39. Qe2+ Kd4
40. Qd2+ Ke5 41. Qa5+ Kf4 42. Rf2+ Ke3 43. Qa2 Kd4 44. Qa4 Ke5 45. Qa5+ Kd4 46.
Ng5 Kxc4 47. Rf4+ Kd3 48. Qa3+ Rc3 49. Rf3+ Kc4 50. Qxc3+ Kd5 51. Qa5+ Kd6 52.
Qxa6+ Ke7 53. Qxe6+ Kd8 54. Rf7 hxg5 55. Ra7 g4 56. Qg8# 1-0

[Event "Junior Online 4NCL Division 4"]
[Site "online"]
[Date "2020.04.16"]
[Round "1.71"]
[White "Cooney, Thomas"]
[Black "Gauri, Dhairye"]
[Result "1-0"]
[WhiteElo "1457"]
[BlackElo "1435"]
[PlyCount "55"]
[EventDate "2020.04.16"]
[WhiteTeam "St Benildus 2"]
[BlackTeam "Uxbridge Juniors A"]

1. e4 e5 2. Nf3 Nc6 3. Bc4 Be7 4. Nc3 Nf6 5. d3 h6 6. h3 O-O 7. g4 Nh7 8. Be3
d6 9. Qe2 a6 10. O-O-O Ng5 11. Rdg1 Be6 12. Bb3 Bxb3 13. axb3 Nd4 14. Nxd4 exd4
15. Bxd4 c5 16. Be3 b5 17. f4 Ne6 18. Nd5 Nc7 19. Nxe7+ Qxe7 20. h4 f6 21. g5
fxg5 22. hxg5 hxg5 23. Qh5 gxf4 24. Qh7+ Kf7 25. Rxg7+ Kf6 26. Rh6+ Ke5 27.
Rxe7+ Ne6 28. Rexe6# 1-0

[Event "Junior Online 4NCL Division 4"]
[Site "online"]
[Date "2020.04.16"]
[Round "1.72"]
[White "Knight, Samuel"]
[Black "Brady, Fearghal"]
[Result "0-1"]
[WhiteElo "1382"]
[BlackElo "1450"]
[PlyCount "96"]
[EventDate "2020.04.16"]
[WhiteTeam "Uxbridge Juniors A"]
[BlackTeam "St Benildus 2"]

1. d4 Nf6 2. Bf4 g6 3. e3 Bg7 4. Bd3 O-O 5. Nf3 d6 6. Nbd2 Nbd7 7. c3 c5 8. O-O
b6 9. Re1 Bb7 10. h3 Rc8 11. Rc1 a6 12. a3 Nb8 13. Rb1 b5 14. b4 cxd4 15. exd4
Rxc3 16. Rc1 Rxd3 17. Re3 Rxe3 18. Bxe3 Qd7 19. Rc3 Nd5 20. Rc2 Nxe3 21. fxe3
Rc8 22. Rxc8+ Qxc8 23. Ng5 Qf5 24. Ngf3 Nc6 25. Qe2 Qc2 26. Qf2 Qf5 27. Qe2 e5
28. g4 Qe6 29. Qf2 exd4 30. exd4 Qd5 31. Qe3 Bxd4 32. Nxd4 Qxd4 33. Qxd4 Nxd4
34. Nf1 Nc2 35. Nd2 Nxa3 36. Nb1 Nxb1 37. h4 h5 38. gxh5 gxh5 39. Kf2 f5 40.
Kg3 Kg7 41. Kf4 Kf6 42. Ke3 Ke5 43. Kd3 f4 44. Ke2 Ke4 45. Ke1 Ke3 46. Kf1 f3
47. Ke1 f2+ 48. Kf1 Nd2# 0-1

[Event "Junior Online 4NCL Division 4"]
[Site "online"]
[Date "2020.04.16"]
[Round "1.73"]
[White "Lievens, Karel"]
[Black "Bhat, Advay"]
[Result "1-0"]
[WhiteElo "1416"]
[BlackElo "1360"]
[PlyCount "95"]
[EventDate "2020.04.16"]
[WhiteTeam "St Benildus 2"]
[BlackTeam "Uxbridge Juniors A"]

1. e4 e5 2. Nf3 Nc6 3. Nc3 Nf6 4. d4 exd4 5. Nxd4 Nxd4 6. Qxd4 c5 7. Qd1 Be7 8.
Be3 d6 9. f3 O-O 10. Qd2 Be6 11. O-O-O a6 12. Bf4 Ne8 13. Nd5 Bxd5 14. Qxd5 b5
15. e5 h6 16. exd6 Bg5 17. Bxg5 Qxg5+ 18. Qxg5 hxg5 19. Rd5 c4 20. d7 Nf6 21.
Rxg5 Nxd7 22. Be2 Rad8 23. Rd1 Nf6 24. Rc5 Rxd1+ 25. Kxd1 Rd8+ 26. Ke1 Nd7 27.
Rc6 a5 28. Rd6 Kf8 29. f4 Ke7 30. Rd5 Nf6 31. Rxb5 Rd5 32. Bxc4 Rxb5 33. Bxb5
Ke6 34. Ke2 Nd5 35. Bc4 Kd6 36. Bxd5 Kxd5 37. Kd3 Ke6 38. c4 Kf5 39. Kd4 Kxf4
40. c5 Kg4 41. c6 f5 42. c7 f4 43. c8=Q+ Kg5 44. Qd8+ Kg4 45. Qg8 g5 46. Qe6+
Kh4 47. Qh6+ Kg4 48. Qh3# 1-0

[Event "Junior Online 4NCL Division 4"]
[Site "online"]
[Date "2020.04.16"]
[Round "1.74"]
[White "Das, Devorshi"]
[Black "Gubala, Max"]
[Result "0-1"]
[WhiteElo "1120"]
[BlackElo "700"]
[PlyCount "84"]
[EventDate "2020.04.16"]
[WhiteTeam "Uxbridge Juniors A"]
[BlackTeam "St Benildus 2"]

1. e4 e5 2. Nf3 Nc6 3. Bc4 h6 4. Nc3 Nf6 5. d3 Bc5 6. Be3 Bb6 7. h3 O-O 8. O-O
Re8 9. a3 d6 10. Qe2 Qe7 11. Rfe1 Be6 12. Bb3 Rad8 13. Bxb6 axb6 14. Qe3 Bxb3
15. cxb3 d5 16. exd5 Nxd5 17. Nxd5 Rxd5 18. Qe2 Red8 19. Rad1 f6 20. Rd2 Na5
21. b4 Nb3 22. Rdd1 Qd7 23. Qc2 Nd4 24. Nxd4 Rxd4 25. Qc4+ Rxc4 26. dxc4 Qe7
27. Rxd8+ Qxd8 28. Kf1 Kf7 29. Ke2 Qd4 30. Rd1 Qxb2+ 31. Kf1 Qxa3 32. Rd7+ Kg6
33. Rxc7 Qxb4 34. Rxb7 Qxc4+ 35. Ke1 b5 36. Ra7 Qc3+ 37. Kd1 b4 38. Ra2 b3 39.
Ra3 Qc2+ 40. Ke1 b2 41. Rg3+ Kf7 42. Re3 b1=Q# 0-1

[Event "Junior Online 4NCL Division 4"]
[Site "online"]
[Date "2020.04.16"]
[Round "1.75"]
[White "Gauri, Dhairye"]
[Black "Cooney, Thomas"]
[Result "0-1"]
[WhiteElo "1435"]
[BlackElo "1457"]
[PlyCount "70"]
[EventDate "2020.04.16"]
[WhiteTeam "Uxbridge Juniors A"]
[BlackTeam "St Benildus 2"]

1. e4 e6 2. d4 d5 3. exd5 exd5 4. Nc3 c6 5. Nf3 Bd6 6. Bg5 f6 7. Bh4 Ne7 8. Bd3
Bg4 9. Be2 Nd7 10. h3 Bh5 11. O-O Qc7 12. Re1 O-O-O 13. a3 g5 14. Bg3 Bxg3 15.
fxg3 Qxg3 16. Na4 g4 17. hxg4 Bxg4 18. Rf1 h5 19. Nh2 f5 20. Rb1 h4 21. Nxg4
fxg4 22. Bxg4 h3 23. Rf2 h2+ 24. Kh1 Qxf2 25. Nc5 Kc7 26. Ne6+ Kc8 27. Nxd8
Kxd8 28. Bxd7 Kxd7 29. Qg4+ Qf5 30. Qg7 Rg8 31. Qh6 Qxc2 32. Qh3+ Kc7 33. Qxh2+
Kb6 34. Re1 Nf5 35. Qh7 Qxg2# 0-1

[Event "Junior Online 4NCL Division 4"]
[Site "online"]
[Date "2020.04.16"]
[Round "1.76"]
[White "Brady, Fearghal"]
[Black "Knight, Samuel"]
[Result "1/2-1/2"]
[WhiteElo "1450"]
[BlackElo "1382"]
[PlyCount "73"]
[EventDate "2020.04.16"]
[WhiteTeam "St Benildus 2"]
[BlackTeam "Uxbridge Juniors A"]

1. e4 e6 2. d4 d5 3. Nd2 c5 4. c3 Nc6 5. Ngf3 Nge7 6. Bd3 c4 7. Bc2 Bd7 8. O-O
g6 9. Qe2 Bg7 10. Re1 O-O 11. Nf1 Rc8 12. Bf4 b5 13. Ne3 dxe4 14. Bxe4 f5 15.
Bc2 a6 16. Rad1 Nd5 17. Nxd5 exd5 18. Ne5 Re8 19. Nxc6 Bxc6 20. Qd2 Rxe1+ 21.
Rxe1 Qd7 22. Be5 Bxe5 23. Rxe5 Re8 24. Qe3 Rxe5 25. Qxe5 Qe8 26. Qxe8+ Bxe8 27.
Bd1 h5 28. f4 Kf7 29. Kf2 Kf6 30. h3 g5 31. Ke3 gxf4+ 32. Kxf4 Bf7 33. b3 cxb3
34. axb3 a5 35. Bc2 Be6 36. Bd1 Bf7 37. h4 1/2-1/2

[Event "Junior Online 4NCL Division 4"]
[Site "online"]
[Date "2020.04.16"]
[Round "1.77"]
[White "Bhat, Advay"]
[Black "Lievens, Karel"]
[Result "0-1"]
[WhiteElo "1360"]
[BlackElo "1416"]
[PlyCount "106"]
[EventDate "2020.04.16"]
[WhiteTeam "Uxbridge Juniors A"]
[BlackTeam "St Benildus 2"]

1. e4 e5 2. Nf3 Nc6 3. Bb5 a6 4. Bxc6 dxc6 5. Nc3 Bd6 6. h3 Nf6 7. O-O O-O 8.
d3 h6 9. Be3 Be6 10. d4 exd4 11. Bxd4 Nd7 12. Qd2 Re8 13. e5 Bf8 14. Rad1 Nb6
15. Bxb6 cxb6 16. Qxd8 Raxd8 17. Rxd8 Rxd8 18. Rd1 Rxd1+ 19. Nxd1 Bxa2 20. Nc3
Be6 21. Kf1 Be7 22. Ke2 Kh7 23. Ke3 Kg6 24. g4 f6 25. exf6 Bxf6 26. Kf4 Bxc3
27. bxc3 a5 28. Nd4 Bd5 29. Ke5 a4 30. c4 Bxc4 31. f4 a3 32. f5+ Kf7 33. Nb3
Bxb3 34. cxb3 a2 35. h4 a1=Q+ 36. Kd6 Qd4+ 37. Kc7 Ke7 38. Kxb7 Qxg4 39. Kxb6
Qb4+ 40. Kc7 Qd6+ 41. Kb6 c5+ 42. Kb5 Kd7 43. h5 Qd3+ 44. Kxc5 Qxb3 45. Kd4 Kd6
46. Ke4 Qc4+ 47. Kf3 Ke5 48. Ke3 Qc3+ 49. Ke2 Ke4 50. Kf2 Qf3+ 51. Ke1 Qg2 52.
Kd1 Kd3 53. Kc1 Qc2# 0-1

[Event "Junior Online 4NCL Division 4"]
[Site "online"]
[Date "2020.04.16"]
[Round "1.78"]
[White "Gubala, Max"]
[Black "Das, Devorshi"]
[Result "1-0"]
[WhiteElo "700"]
[BlackElo "1120"]
[PlyCount "31"]
[EventDate "2020.04.16"]
[WhiteTeam "St Benildus 2"]
[BlackTeam "Uxbridge Juniors A"]

1. e4 e5 2. Nf3 Nc6 3. Bc4 Bc5 4. O-O Nf6 5. c3 Nxe4 6. b4 Bxf2+ 7. Rxf2 Nxf2
8. Kxf2 O-O 9. Ba3 d6 10. Qe2 a6 11. Ke1 Bg4 12. Kd1 b5 13. Bd5 Bd7 14. Qe4 Qe8
15. Ng5 a5 16. Qxh7# 1-0

[Event "Junior Online 4NCL Division 4"]
[Site "online"]
[Date "2020.04.16"]
[Round "1.81"]
[White "Kothari, Jai"]
[Black "Tathare, Rohan"]
[Result "1-0"]
[WhiteElo "1547"]
[BlackElo "1285"]
[PlyCount "97"]
[EventDate "2020.04.16"]
[WhiteTeam "Woking Warriors"]
[BlackTeam "Watford 3"]

1. e4 d5 2. exd5 Nf6 3. d4 c6 4. Be3 cxd5 5. Bb5+ Bd7 6. Bxd7+ Nbxd7 7. Nc3 Nb6
8. Nf3 e6 9. a3 Nc4 10. Rb1 Nxe3 11. fxe3 Bd6 12. O-O O-O 13. Qd3 Rc8 14. Rbc1
Ng4 15. h3 Nh6 16. e4 dxe4 17. Nxe4 Bf4 18. Rcd1 a6 19. Qb3 b5 20. d5 e5 21. g3
Qb6+ 22. Kg2 Be3 23. Nxe5 Rfe8 24. Nd6 Qxd6 25. Qxe3 Rxe5 26. Qb3 Rd8 27. Rde1
Rxe1 28. Rxe1 g6 29. Rd1 Nf5 30. g4 Ne7 31. c4 bxc4 32. Qxc4 Nxd5 33. Kf2 Qf6+
34. Ke1 Re8+ 35. Kd2 Qxb2+ 36. Kd3 Qxa3+ 37. Kd4 Nb6 38. Qc7 Qa4+ 39. Kc5 Rc8
40. Rd8+ Rxd8 41. Qxd8+ Kg7 42. Qxb6 Qc2+ 43. Kd6 Qh2+ 44. Kc6 Qxh3 45. Qd4+
Kg8 46. Qd8+ Kg7 47. Qd4+ Kh6 48. Qf4+ g5 49. Qf6# 1-0

[Event "Junior Online 4NCL Division 4"]
[Site "online"]
[Date "2020.04.16"]
[Round "1.82"]
[White "Chadha, Ishaan"]
[Black "Phillips, Freddie"]
[Result "1-0"]
[WhiteElo "1262"]
[BlackElo "1390"]
[PlyCount "33"]
[EventDate "2020.04.16"]
[WhiteTeam "Watford 3"]
[BlackTeam "Woking Warriors"]

1. e4 e5 2. Nf3 Nc6 3. d3 Bc5 4. Nc3 Nf6 5. h3 O-O 6. Be3 Bxe3 7. fxe3 Nb4 8.
a3 Nc6 9. d4 exd4 10. Nxd4 Nxd4 11. exd4 Qe7 12. Qe2 Re8 13. e5 Nh5 14. Qxh5 d6
15. Bd3 dxe5 16. Qxh7+ Kf8 17. Qh8# 1-0

[Event "Junior Online 4NCL Division 4"]
[Site "online"]
[Date "2020.04.16"]
[Round "1.83"]
[White "Wicks, Alexander"]
[Black "Holland, Nicolas"]
[Result "1-0"]
[WhiteElo "1285"]
[BlackElo "1225"]
[PlyCount "45"]
[EventDate "2020.04.16"]
[WhiteTeam "Woking Warriors"]
[BlackTeam "Watford 3"]

1. e4 e6 2. d4 d5 3. e5 c5 4. Nf3 Nc6 5. Bb5 a6 6. Bxc6+ bxc6 7. Be3 Rb8 8. b3
Ne7 9. dxc5 Nf5 10. Bg5 Be7 11. Bxe7 Qxe7 12. O-O Qxc5 13. Nbd2 O-O 14. c4 dxc4
15. Nxc4 Bb7 16. Rc1 Rfd8 17. Nd6 Qa5 18. Qc2 Qb6 19. Nxf5 exf5 20. Qxf5 c5 21.
Ng5 g6 22. Qxf7+ Kh8 23. Qxh7# 1-0

[Event "Junior Online 4NCL Division 4"]
[Site "online"]
[Date "2020.04.16"]
[Round "1.84"]
[White "Keerthi Kumar, Advait"]
[Black "Seet, Joshua"]
[Result "1-0"]
[WhiteElo "1202"]
[BlackElo "1277"]
[PlyCount "59"]
[EventDate "2020.04.16"]
[WhiteTeam "Watford 3"]
[BlackTeam "Woking Warriors"]

1. e4 e6 2. Nf3 d5 3. e5 c5 4. c3 Nc6 5. d4 Qb6 6. Be2 Bd7 7. O-O cxd4 8. cxd4
Bb4 9. Nc3 Nge7 10. a3 Bxc3 11. bxc3 O-O 12. Bd2 Nf5 13. Rb1 Qc7 14. Bf4 Qc8
15. Qd2 f6 16. exf6 Rxf6 17. Ne5 Nxe5 18. Bxe5 Rg6 19. Bd3 Rg4 20. h3 Rh4 21.
Bxf5 exf5 22. Qg5 Qf8 23. Qxh4 Bc6 24. Rbe1 Qxa3 25. Qg3 g6 26. Bd6 Qa6 27. Re7
Bb5 28. Qh4 h5 29. Qf6 Be8 30. Qg7# 1-0

[Event "Junior Online 4NCL Division 4"]
[Site "online"]
[Date "2020.04.16"]
[Round "1.85"]
[White "Tathare, Rohan"]
[Black "Kothari, Jai"]
[Result "1/2-1/2"]
[WhiteElo "1285"]
[BlackElo "1547"]
[PlyCount "118"]
[EventDate "2020.04.16"]
[WhiteTeam "Watford 3"]
[BlackTeam "Woking Warriors"]

1. e4 e6 2. d4 d5 3. e5 c5 4. c3 cxd4 5. cxd4 Bb4+ 6. Bd2 Bxd2+ 7. Nxd2 Ne7 8.
Ngf3 O-O 9. Bd3 Nbc6 10. O-O Qb6 11. Nb3 Ng6 12. Bxg6 hxg6 13. Rc1 Bd7 14. Nc5
Qc7 15. h3 b6 16. Na6 Qb7 17. Nb4 Nxb4 18. Qb3 a5 19. a3 Nc6 20. Rc2 a4 21. Qe3
Rac8 22. Rfc1 Ne7 23. Rxc8 Rxc8 24. Rxc8+ Qxc8 25. Qc3 Qxc3 26. bxc3 Kf8 27.
Kf1 Ke8 28. Ke2 Kd8 29. Kd3 Kc7 30. c4 b5 31. cxb5 Bxb5+ 32. Kc3 Kb6 33. Ng5
Be8 34. Kb4 Nf5 35. Nf3 f6 36. g4 Ne7 37. exf6 gxf6 38. g5 fxg5 39. Nxg5 Nf5
40. Nxe6 Bd7 41. Nf4 Nxd4 42. Nxd5+ Ka7 43. h4 Nf5 44. Nf4 Nxh4 45. Nd3 g5 46.
Nc5 Be8 47. Ne4 g4 48. Nf6 Bc6 49. Nxg4 Ng2 50. Ne5 Be8 51. f4 Nxf4 52. Nc4
Nd5+ 53. Ka5 Nc3 54. Kb4 Na2+ 55. Ka5 Nc3 56. Kb4 Nb1 57. Nb2 Ka6 58. Nxa4 Bxa4
59. Kxa4 Nxa3 1/2-1/2

[Event "Junior Online 4NCL Division 4"]
[Site "online"]
[Date "2020.04.16"]
[Round "1.86"]
[White "Phillips, Freddie"]
[Black "Chadha, Ishaan"]
[Result "1-0"]
[WhiteElo "1390"]
[BlackElo "1262"]
[PlyCount "123"]
[EventDate "2020.04.16"]
[WhiteTeam "Woking Warriors"]
[BlackTeam "Watford 3"]

1. e4 e5 2. Bc4 Nf6 3. Nc3 d6 4. d4 Qe7 5. dxe5 Qxe5 6. Nf3 Qc5 7. Qd4 Qxd4 8.
Nxd4 c6 9. b4 d5 10. exd5 cxd5 11. Bxd5 Bxb4 12. Bd2 O-O 13. Bb3 Ne4 14. Nxe4
Re8 15. Nf3 Rxe4+ 16. Kd1 Nc6 17. Bxb4 Nxb4 18. a3 Nc6 19. Ng5 Rd4+ 20. Kc1 Be6
21. Nxe6 fxe6 22. Bxe6+ Kf8 23. Re1 Re8 24. Rb1 Nd8 25. Kb2 Nxe6 26. Kc3 Rf4
27. Rxb7 Rxf2 28. Rxa7 Rxg2 29. Rf1+ Kg8 30. Ra6 Rc8+ 31. Kb2 Nd4 32. Rc1
Rgxc2+ 33. Rxc2 Rxc2+ 34. Kb1 Rxh2 35. Ra8+ Kf7 36. a4 Rh1+ 37. Kb2 Rh2+ 38.
Kc3 Nc6 39. Kc4 Rc2+ 40. Kb5 g5 41. a5 Nxa5 42. Rxa5 g4 43. Ra3 h5 44. Ra7+ Kg6
45. Ra1 g3 46. Rg1 h4 47. Kb4 g2 48. Kb3 h3 49. Kxc2 h2 50. Rxg2+ Kf5 51. Rxh2
Kf4 52. Kd3 Kg3 53. Re2 Kf3 54. Re4 Kg3 55. Ke3 Kg2 56. Rf4 Kg3 57. Rf5 Kg4 58.
Ke4 Kg3 59. Rf3+ Kg2 60. Ke3 Kh2 61. Kf2 Kh1 62. Rh3# 1-0

[Event "Junior Online 4NCL Division 4"]
[Site "online"]
[Date "2020.04.16"]
[Round "1.87"]
[White "Holland, Nicolas"]
[Black "Wicks, Alexander"]
[Result "1-0"]
[WhiteElo "1225"]
[BlackElo "1285"]
[PlyCount "39"]
[EventDate "2020.04.16"]
[WhiteTeam "Watford 3"]
[BlackTeam "Woking Warriors"]

1. e4 d5 2. d3 dxe4 3. Nc3 exd3 4. Bxd3 Nf6 5. Nf3 Bg4 6. h3 Bh5 7. g4 Bg6 8.
Bxg6 hxg6 9. Bf4 Qxd1+ 10. Nxd1 Nbd7 11. Nc3 O-O-O 12. O-O-O e6 13. h4 Nxg4 14.
Ne4 f5 15. Rhg1 fxe4 16. Rxg4 exf3 17. Rxg6 Rxh4 18. Bg5 Rg4 19. a3 Ne5 20.
Rxd8# 1-0

[Event "Junior Online 4NCL Division 4"]
[Site "online"]
[Date "2020.04.16"]
[Round "1.88"]
[White "Seet, Joshua"]
[Black "Keerthi Kumar, Advait"]
[Result "1-0"]
[WhiteElo "1277"]
[BlackElo "1202"]
[PlyCount "47"]
[EventDate "2020.04.16"]
[WhiteTeam "Woking Warriors"]
[BlackTeam "Watford 3"]

1. d4 d5 2. c4 dxc4 3. e4 e6 4. Bxc4 Nc6 5. Nf3 b6 6. O-O Bb7 7. Nc3 Qd7 8. d5
exd5 9. exd5 Na5 10. Re1+ Be7 11. Bb5 c6 12. dxc6 Nxc6 13. Qxd7+ Kxd7 14. Bxc6+
Bxc6 15. Nd4 Bb7 16. Be3 Nf6 17. Rad1 Rhd8 18. Nf5+ Ke8 19. Nxg7+ Kf8 20. Nf5
Bc8 21. Bh6+ Kg8 22. Nxe7+ Kh8 23. Rxd8+ Ng8 24. Rxg8# 1-0

[Event "Junior Online 4NCL Division 4"]
[Site "online"]
[Date "2020.04.23"]
[Round "2.11"]
[White "Agrawal, Ayan"]
[Black "Crook, Ethan"]
[Result "0-1"]
[WhiteElo "1292"]
[BlackElo "1405"]
[PlyCount "72"]
[EventDate "2020.04.23"]
[WhiteTeam "Hallfield School B"]
[BlackTeam "Cheshire8Y"]

1. d4 e5 2. dxe5 Nc6 3. Nf3 Qe7 4. Bf4 Qb4+ 5. Nc3 Qxf4 6. e3 Qb4 7. a3 Qe7 8.
Nd5 Qd8 9. Bb5 Nge7 10. Bxc6 Nxc6 11. O-O Be7 12. Qd3 O-O 13. Nxe7+ Qxe7 14. h4
Nxe5 15. Nxe5 Qxe5 16. f3 Re8 17. Rfe1 Qh5 18. e4 Qxh4 19. g4 d6 20. Kg2 Qf6
21. Kg3 Qe5+ 22. f4 Qe6 23. e5 Qxg4+ 24. Kf2 Bf5 25. Qd4 Qh4+ 26. Kf3 Qh3+ 27.
Ke2 dxe5 28. fxe5 f6 29. Kd2 Rad8 30. Rh1 Rxd4+ 31. Ke2 Qg2+ 32. Ke3 Qe4+ 33.
Kf2 Rd2+ 34. Kg1 Qg4+ 35. Kf1 Qe2+ 36. Kg1 Qf2# 0-1

[Event "Junior Online 4NCL Division 4"]
[Site "online"]
[Date "2020.04.23"]
[Round "2.12"]
[White "Sajid, Aryan"]
[Black "Muthuvelu, Rithvik"]
[Result "1-0"]
[WhiteElo "1405"]
[BlackElo "1337"]
[PlyCount "105"]
[EventDate "2020.04.23"]
[WhiteTeam "Cheshire8Y"]
[BlackTeam "Hallfield School B"]

1. e4 e5 2. Nf3 Nc6 3. d4 Bd6 4. c3 Nf6 5. Bd3 O-O 6. O-O Qe7 7. Bg5 h6 8. Bh4
Qe6 9. d5 Qe7 10. dxc6 dxc6 11. Nbd2 Bg4 12. Nc4 b5 13. Nxd6 Qxd6 14. Bxf6 Qxf6
15. h3 Bh5 16. Be2 Rfd8 17. Qc2 Rd7 18. Rad1 Rad8 19. Rxd7 Rxd7 20. Rd1 Rxd1+
21. Qxd1 Qf4 22. Qd3 a6 23. c4 Qc1+ 24. Qd1 Qxd1+ 25. Bxd1 bxc4 26. g4 Bg6 27.
Nxe5 Bxe4 28. Nxc4 Bd5 29. Be2 g6 30. Ne3 Bxa2 31. Bxa6 h5 32. Bb7 c5 33. gxh5
gxh5 34. Kg2 Be6 35. Kg3 f6 36. Kh4 Bf7 37. Bd5 Bxd5 38. Nxd5 Kg7 39. Kxh5 c6
40. Nc3 Kf7 41. Ne4 c4 42. Nd2 c3 43. bxc3 Ke6 44. Kg6 Ke5 45. h4 Ke6 46. h5
Ke7 47. Kg7 f5 48. h6 Ke8 49. h7 Ke7 50. h8=Q Ke6 51. Qe8+ Kd5 52. c4+ Kd4 53.
Qe3# 1-0

[Event "Junior Online 4NCL Division 4"]
[Site "online"]
[Date "2020.04.23"]
[Round "2.13"]
[White "Kuang, Felix"]
[Black "Jia, Ethan"]
[Result "1-0"]
[WhiteElo "1247"]
[BlackElo "1315"]
[PlyCount "83"]
[EventDate "2020.04.23"]
[WhiteTeam "Hallfield School B"]
[BlackTeam "Cheshire8Y"]

1. e4 e5 2. Nf3 Nc6 3. Bc4 Bc5 4. c3 Bb6 5. d4 exd4 6. cxd4 d6 7. O-O Kf8 8. a3
Nge7 9. Nc3 Ng6 10. Qb3 Qe7 11. Be3 h6 12. Rfe1 Kg8 13. Rad1 Be6 14. Bxe6 fxe6
15. Qc2 Kh7 16. d5 Nce5 17. Nxe5 Nxe5 18. Bxb6 axb6 19. f4 Ng6 20. e5 dxe5 21.
fxe5 Rhf8 22. dxe6 Qxe6 23. h4 Kg8 24. h5 Ne7 25. Qe2 Nc6 26. Nd5 Rac8 27. Nc3
Rf5 28. Rd5 Re8 29. Rf1 Rxf1+ 30. Qxf1 Nxe5 31. Rd2 Nc4 32. Re2 Qc6 33. Rxe8+
Qxe8 34. Qxc4+ Kh8 35. Qxc7 Qe1+ 36. Kh2 Qh4+ 37. Kg1 Qe1+ 38. Kh2 Qh4+ 39. Kg1
Qe1+ 40. Kh2 Qe2 41. Nxe2 Kh7 42. Qxb7 1-0

[Event "Junior Online 4NCL Division 4"]
[Site "online"]
[Date "2020.04.23"]
[Round "2.14"]
[White "Idan, Tani"]
[Black "Agrawal, Anay"]
[Result "1-0"]
[WhiteElo "1285"]
[BlackElo "1210"]
[PlyCount "142"]
[EventDate "2020.04.23"]
[WhiteTeam "Cheshire8Y"]
[BlackTeam "Hallfield School B"]

1. d4 e5 2. c3 exd4 3. cxd4 d5 4. Nf3 Nc6 5. e3 Bb4+ 6. Nc3 Bxc3+ 7. bxc3 Nf6
8. Bd3 O-O 9. O-O Bg4 10. h3 Bh5 11. Ba3 Re8 12. Rb1 Rb8 13. Bc5 Bg6 14. Qd2
Ne4 15. Bxe4 Bxe4 16. Ne1 Bxb1 17. Nd3 Bxa2 18. Qxa2 b6 19. Bb4 Nxb4 20. cxb4
Qg5 21. Qxa7 Qg6 22. Rd1 c6 23. Qc7 Rec8 24. Qe7 Re8 25. Qd7 Qe6 26. Qc7 Rec8
27. Qg3 Qg6 28. Qh2 h6 29. Nf4 Qc2 30. Rf1 Qf5 31. Qg3 c5 32. dxc5 bxc5 33.
bxc5 Rxc5 34. Rd1 Rb1 35. Rxb1 Qxb1+ 36. Kh2 Qf5 37. Ne2 Qg6 38. Qb8+ Kh7 39.
Nf4 Qf6 40. Nh5 Qg5 41. Qb6 d4 42. Ng3 dxe3 43. fxe3 Qxe3 44. Nf1 Qf2 45. Qb1+
Rf5 46. Ng3 g6 47. Nxf5 Qxf5 48. Qxf5 gxf5 49. Kg3 Kg6 50. Kf3 Kh5 51. g4+
fxg4+ 52. hxg4+ Kg5 53. Kg3 h5 54. gxh5 Kxh5 55. Kf4 Kg6 56. Ke5 Kg5 57. Kd6
Kg4 58. Ke7 f5 59. Ke6 f4 60. Ke5 f3 61. Ke4 f2 62. Ke3 f1=Q 63. Ke4 Qe1+ 64.
Kd5 Kf4 65. Kc4 Qd1 66. Kb4 Qc1 67. Kb3 Ke3 68. Ka2 Kd3 69. Kb3 Qb1+ 70. Ka3
Kc4 71. Ka4 Qa1# 1-0

[Event "Junior Online 4NCL Division 4"]
[Site "online"]
[Date "2020.04.23"]
[Round "2.15"]
[White "Crook, Ethan"]
[Black "Agrawal, Ayan"]
[Result "1-0"]
[WhiteElo "1405"]
[BlackElo "1292"]
[PlyCount "47"]
[EventDate "2020.04.23"]
[WhiteTeam "Cheshire8Y"]
[BlackTeam "Hallfield School B"]

1. e4 e5 2. Nf3 Nc6 3. Bc4 Bc5 4. d4 Bb6 5. d5 Nd4 6. Nxe5 Qf6 7. Nf3 d6 8. h3
Ba5+ 9. c3 Nxf3+ 10. Qxf3 Qxf3 11. gxf3 Nf6 12. Bg5 h6 13. Bxf6 gxf6 14. Nd2
Rg8 15. Kf1 Bb6 16. Bb5+ Bd7 17. Bxd7+ Kxd7 18. Nc4 Rg7 19. Nxb6+ cxb6 20. Rg1
Rxg1+ 21. Kxg1 Rg8+ 22. Kh2 Rg5 23. Rg1 Rg2+ 24. Rxg2 1-0

[Event "Junior Online 4NCL Division 4"]
[Site "online"]
[Date "2020.04.23"]
[Round "2.16"]
[White "Muthuvelu, Rithvik"]
[Black "Sajid, Aryan"]
[Result "0-1"]
[WhiteElo "1337"]
[BlackElo "1405"]
[PlyCount "130"]
[EventDate "2020.04.23"]
[WhiteTeam "Hallfield School B"]
[BlackTeam "Cheshire8Y"]

1. e4 e5 2. Nf3 Nc6 3. Bc4 Bc5 4. d3 Nf6 5. Bg5 h6 6. Bh4 d6 7. h3 Be6 8. Nc3
Bxc4 9. dxc4 O-O 10. Nd5 Nd4 11. Nxd4 Bxd4 12. Nxf6+ gxf6 13. Qh5 Kh7 14. O-O
Qe7 15. c3 Bb6 16. Qf5+ Kg8 17. Bxf6 Qe6 18. Qf3 Kh7 19. Qf5+ Qxf5 20. exf5 Rg8
21. Rfe1 Rae8 22. Re4 c6 23. Rd1 Bc7 24. c5 d5 25. Rg4 Rxg4 26. hxg4 Rg8 27. c4
d4 28. Rd3 Rxg4 29. Rh3 b6 30. Rg3 Rxg3 31. fxg3 bxc5 32. g4 e4 33. Kf2 e3+ 34.
Ke2 Kg8 35. g3 Bxg3 36. g5 hxg5 37. Bxg5 Kg7 38. f6+ Kg6 39. Bxe3 dxe3 40. Kxe3
Kxf6 41. Ke4 Be5 42. Kd3 Bxb2 43. a4 Ke6 44. Kc2 Bg7 45. Kb3 f5 46. Kc2 f4 47.
Kd1 f3 48. Ke1 Bd4 49. Kf1 f2 50. a5 Kd7 51. a6 Kc7 52. Ke2 Kb6 53. Kf1 Kxa6
54. Ke2 Ka5 55. Kf1 Kb4 56. Ke2 a5 57. Kf1 a4 58. Ke2 a3 59. Kf1 a2 60. Ke2
a1=R 61. Kd3 f1=Q+ 62. Ke4 Qe2+ 63. Kf5 Rf1+ 64. Kg6 Qg2+ 65. Kh5 Rh1# 0-1

[Event "Junior Online 4NCL Division 4"]
[Site "online"]
[Date "2020.04.23"]
[Round "2.17"]
[White "Jia, Ethan"]
[Black "Kuang, Felix"]
[Result "1-0"]
[WhiteElo "1315"]
[BlackElo "1247"]
[PlyCount "79"]
[EventDate "2020.04.23"]
[WhiteTeam "Cheshire8Y"]
[BlackTeam "Hallfield School B"]

1. d4 Nf6 2. c4 c5 3. dxc5 Qa5+ 4. Nc3 Qxc5 5. e4 d6 6. Be3 Qc6 7. c5 a6 8.
cxd6 exd6 9. Bd3 Be6 10. Nf3 Nbd7 11. Nd4 Qc7 12. Nxe6 fxe6 13. Rc1 Qa5 14. a3
Be7 15. O-O O-O 16. Ra1 Ng4 17. b4 Nxe3 18. bxa5 Nxd1 19. Rfxd1 Rac8 20. Na4 b5
21. axb6 Rb8 22. Rab1 a5 23. b7 Nc5 24. Nxc5 dxc5 25. e5 Rf7 26. Bc4 Rff8 27.
Bxe6+ Kh8 28. Rd7 Bg5 29. Rc7 Rfd8 30. h3 Bf4 31. g3 Bxe5 32. Rc8 g6 33. Rxc5
Bd4 34. Rxa5 Kg7 35. Bc8 Rdxc8 36. bxc8=Q Rxc8 37. Rb7+ Kh6 38. g4 g5 39. Ra6+
Bf6 40. Rxf6# 1-0

[Event "Junior Online 4NCL Division 4"]
[Site "online"]
[Date "2020.04.23"]
[Round "2.18"]
[White "Agrawal, Anay"]
[Black "Idan, Tani"]
[Result "0-1"]
[WhiteElo "1210"]
[BlackElo "1285"]
[PlyCount "43"]
[EventDate "2020.04.23"]
[WhiteTeam "Hallfield School B"]
[BlackTeam "Cheshire8Y"]

1. e4 e5 2. Nf3 Nc6 3. Bc4 Bc5 4. c3 h6 5. d4 exd4 6. cxd4 Bb6 7. d5 Nce7 8.
O-O Nf6 9. Re1 c6 10. d6 Ng6 11. e5 Nf8 12. exf6+ Ne6 13. Nc3 Qxf6 14. Ne4 Ba5
15. Bd2 Bxd2 16. Qxd2 Nf4 17. Nxf6+ Kf8 18. Nxd7+ Kg8 19. Qxf4 Bxd7 20. Qxf7+
Kh7 21. Bd3+ Bf5 22. Bxf5# 0-1